Регионална библиотека "Любен Каравелов" - Русе

Клара (Запис номер 469642)

MARC детайли
000 -Лидер
Контролно поле с фиксирана дължина 01209nam a2200313 a 4500
003 - Код на организацията, давaща контролен номер
Контролно поле BLK
005 - Дата и час на последна редакция
Контролно поле 20250610101957.0
008 - Елементи от данни с фиксирана дължина
fixed length control field 230327b bu |||||r|||| 00| | bu d
020 ## - Международен стандартен номер на книга ISBN
Международен стандартен номер на книга ISBN 9786192650063
040 ## - Източник на каталожния запис
Идентификатор на билиотеката - собственик на записа BLK
041 ## - Код за език
Код за езика на текст/звукозапис или на отделно заглавие Български
Код за езика КДБФ Български
080 ## - УДК
Текстов определител УДК Австрийска литература
УДК код - определител по УДК 821.112.2(436)
УДК определител -31
УДК - код + определител 821.112.2(436)-31
100 ## - Редна дума - Автор
R(LIN) 1299
Автор Палка, Кърт
Авторска отговорност първи автор
139 ## - Редно поле
Редна дума Палка, Кърт
Авторски знак Пал - П 15
245 ## - Сведения за заглавието
Заглавие Клара
Редно поле (дума) Кърт Палка; прев. от англ. Диляна Георгиева
246 11 - Различни форми на заглавието
Паралелно заглавие Clara
257 ## - Страна на издаване
Страна на създаване/издаване Австрия
260 ## - Област на издателските данни
9 (RLIN) 209932
Място на издаване, разпространение и проч. София
Име на издателя, разпространителя и проч. Кръг
Година на издаване 2023
Издателство - префикс ISBN 954-9832-
Печатница Костинброд: Мултипринт ООД
300 ## - Физическа характеристика
Страници 407 с.
Размери/Мащаб 20 см
380 ## - Жанр
Жанр Худож. лит.
500 ## - Общи забележки
Забележка Ориг. загл.: Clara / Kurt Palka<br/>Биогр. данни за авт. отбелязани на гърба на кор.
700 ## - Други автори (авторска отговорност)
Лично име Георгиева, Диляна Георгиева
Автороска отговорност (Описва отношението между автора и произведението) прев. от англ.
9 (RLIN) 299998
852 ## - Местоположение
Форматна сигнатура Цб 320224
Фондова буква Хранилище
856 ## - Електронен адрес и достъп
Инструкция (цена за достъп) 0.00
Права за достъп disable
942 ## - АРТИКУЛИ
Вид на библиотечния материал Книги
Скрит в OPAC Не
Периодичен библиозапис Да
Koha issues (borrowed), all copies 30
944 ## - СЪЗДАВАНЕ И РЕДАКЦИЯ на ЗАПИСА
Създаване/Редакция Създаване
Дата на регистрацията/редакция 2023-03-27
Служител, извършил регистрацията/редакцията 30542
Статус, дата на статуса Русанова Ирена
944 ## - СЪЗДАВАНЕ И РЕДАКЦИЯ на ЗАПИСА
Създаване/Редакция Редакция
Служител, извършил регистрацията/редакцията М.Я.
999 ## - СИСТЕМНИ КОНТРОЛНИ НОМЕРА
Koha biblionumber 469642
Koha biblioitemnumber 469642
999 ## - СИСТЕМНИ КОНТРОЛНИ НОМЕРА
Koha biblioitemnumber 469642
Наличности
Код за отписване Код за изгубен артикул Източник на класификационната схема Код за повреда Коз за рестрикции Код за отдаване Артикулен № Име на библиотеката - собственик Име на библиотеката, в която се намира в момента Статус (Текущо местоположение) Дата на вписване в системата Местоположение - отдел Цена в лева Инвентарен номер Систематично азбучна сигнатура Баркод Цена в евро Служебен тип на артикула
  Не е изгубен Universal Decimal Classification Не е повреден без рестрикции заемане за дома 925887 Регионална библиотека "Любен Каравелов" Русе Регионална библиотека "Любен Каравелов" Русе Заемна - подръчен фонд 2023-03-29 Заемна - подръчен фонд 16.50 120000885073 821-31/П 15 К 120000885073 8.44 Книги
  Не е изгубен Universal Decimal Classification Не е повреден без рестрикции заемане за дома 925888 Регионална библиотека "Любен Каравелов" Русе Регионална библиотека "Любен Каравелов" Русе Заемна - подръчен фонд 2023-03-29 Заемна - подръчен фонд 16.50 120000885072 821-31/П 15 К 120000885072 8.44 Книги
  Не е изгубен Universal Decimal Classification Не е повреден само за читалня ползва се в читалня 935963 Регионална библиотека "Любен Каравелов" Русе Регионална библиотека "Любен Каравелов" Русе Хранилище 2023-11-06 Хранилище 22.00 120000895178 Цб 320224 120000895178 11.25 Книги
Vip Innovations Ltd, Rousse, Bulgaria 2025